000 00579cam a22002053a 4500
001 40014
003 PGUSA
005 20140828083906.0
008 120617s2012||||xxu|||||s|||||000 | eng d
040 _aPGUSA
_beng
042 _adc
100 1 _aBuchan, John,
_d1875-1940
245 1 0 _aJohn Burnet of Barns :
_bA Romance
_h[electronic resource] /
_cJohn Buchan
260 _bProject Gutenberg,
_c2012
506 _aPublic domain in the USA.
516 _aElectronic text
830 0 _aProject Gutenberg
_v40014
856 4 0 _uhttp://www.gutenberg.org/ebooks/40014
942 _cEB
999 _c269267
_d269267